000 00287nam a22001337a 4500
008 171104b xxu||||| |||| 00| 0 eng d
020 _a9781121920828
041 _aeng
080 _a330.722.6
100 _a61
101 _aMKT
245 _aACCOUNTING
_cDONCHESE, C
942 _2udc
_cBK
999 _c37627
_d37627